| 000 -LEADER |
| fixed length control field |
01654cam a2200373 a 4500 |
| 001 - CONTROL NUMBER |
| control field |
14301856 |
| 005 - DATE AND TIME OF LATEST TRANSACTION |
| control field |
20170105102919.0 |
| 008 - FIXED-LENGTH DATA ELEMENTS--GENERAL INFORMATION |
| fixed length control field |
021127s2006 enk b 001 0 eng |
| 010 ## - LIBRARY OF CONGRESS CONTROL NUMBER |
| LC control number |
2006373582 |
| 015 ## - NATIONAL BIBLIOGRAPHY NUMBER |
| National bibliography number |
GBA3-Z2666 |
| 020 ## - INTERNATIONAL STANDARD BOOK NUMBER |
| International Standard Book Number |
1860645615 |
| 035 ## - SYSTEM CONTROL NUMBER |
| System control number |
(OCoLC)ocm51483103 |
| 040 ## - CATALOGING SOURCE |
| Original cataloging agency |
UKM |
| Transcribing agency |
UKM |
| Modifying agency |
OCLCQ |
| -- |
BAKER |
| -- |
BWKUK |
| -- |
DLC |
| 043 ## - GEOGRAPHIC AREA CODE |
| Geographic area code |
a-ir--- |
| -- |
a-le--- |
| 050 00 - LIBRARY OF CONGRESS CALL NUMBER |
| Classification number |
DS274.2.L4 |
| Item number |
C44 2006 |
| 082 04 - DEWEY DECIMAL CLASSIFICATION NUMBER |
| Classification number |
327.5505692 |
| Edition number |
21 |
| 100 1# - MAIN ENTRY--PERSONAL NAME |
| Personal name |
Chehabi, H. E. |
| 245 10 - TITLE STATEMENT |
| Title |
Distant relations : |
| Remainder of title |
Iran and Lebanon in the last 500 years / |
| Statement of responsibility, etc. |
H.E. Chehabi ; with contributions by Rula Jurdi Abisaab ... [et al.]. |
| 260 ## - PUBLICATION, DISTRIBUTION, ETC. |
| Place of publication, distribution, etc. |
Oxford : |
| Name of publisher, distributor, etc. |
Centre for Lebanese Studies ; |
| Place of publication, distribution, etc. |
London : |
| Name of publisher, distributor, etc. |
In association with I.B. Tauris ; |
| Place of publication, distribution, etc. |
New York : |
| Name of publisher, distributor, etc. |
Distributed by St. Martin's Press, |
| Date of publication, distribution, etc. |
2006. |
| 300 ## - PHYSICAL DESCRIPTION |
| Extent |
xiv, 322 p. ; |
| Dimensions |
24 cm. |
| 504 ## - BIBLIOGRAPHY, ETC. NOTE |
| Bibliography, etc. note |
Includes bibliographical references and index. |
| 651 #0 - SUBJECT ADDED ENTRY--GEOGRAPHIC NAME |
| Geographic name |
Iran |
| General subdivision |
Foreign relations |
| Geographic subdivision |
Lebanon. |
| 651 #0 - SUBJECT ADDED ENTRY--GEOGRAPHIC NAME |
| Geographic name |
Lebanon |
| General subdivision |
Foreign relations |
| Geographic subdivision |
Iran. |
| 651 #0 - SUBJECT ADDED ENTRY--GEOGRAPHIC NAME |
| Geographic name |
Iran |
| General subdivision |
Relations |
| Geographic subdivision |
Lebanon. |
| 651 #0 - SUBJECT ADDED ENTRY--GEOGRAPHIC NAME |
| Geographic name |
Lebanon |
| General subdivision |
Relations |
| Geographic subdivision |
Iran. |
| 700 1# - ADDED ENTRY--PERSONAL NAME |
| Personal name |
Abisaab, Rula Jurdi. |
| 710 2# - ADDED ENTRY--CORPORATE NAME |
| Corporate name or jurisdiction name as entry element |
Centre for Lebanese Studies (Great Britain) |
| 856 42 - ELECTRONIC LOCATION AND ACCESS |
| Materials specified |
Contributor biographical information |
| Uniform Resource Identifier |
<a href="http://www.loc.gov/catdir/enhancements/fy0629/2006373582-b.html">http://www.loc.gov/catdir/enhancements/fy0629/2006373582-b.html</a> |
| 856 42 - ELECTRONIC LOCATION AND ACCESS |
| Materials specified |
Publisher description |
| Uniform Resource Identifier |
<a href="http://www.loc.gov/catdir/enhancements/fy0629/2006373582-d.html">http://www.loc.gov/catdir/enhancements/fy0629/2006373582-d.html</a> |
| 856 41 - ELECTRONIC LOCATION AND ACCESS |
| Materials specified |
Table of contents only |
| Uniform Resource Identifier |
<a href="http://www.loc.gov/catdir/enhancements/fy0629/2006373582-t.html">http://www.loc.gov/catdir/enhancements/fy0629/2006373582-t.html</a> |
| 906 ## - LOCAL DATA ELEMENT F, LDF (RLIN) |
| a |
7 |
| b |
cbc |
| c |
copycat |
| d |
2 |
| e |
ncip |
| f |
20 |
| g |
y-gencatlg |
| 942 ## - ADDED ENTRY ELEMENTS (KOHA) |
| Source of classification or shelving scheme |
|
| Koha item type |
Book |